000
00365nam a22001337a 4500
003
SGT
020
_a
9789350004364
082
_a
200
_b
B16S
100
_a
सरन, संत
245
_a
बाबू जगजीवन राम और दलित आंदोलन
260
_b
वाणी प्रकाशन
_c
2016
300
_a
270
942
_2
ddc
_c
BK
999
_c
31806
_d
31806